Responses for Show #1666 - Monday, November 25, 1991

Kirk Ditzler game 1.
Missing introductions.

Contestants

[<< previous game]

Todd Gander, from

Kirk Ditzler, a teacher from Houston, Texas

Josh Vincent, a waiter and a chef from Brigantine, New Jersey (whose 4-day cash winnings total $58,800)

[next game >>]

Jeopardy! Round responses

ANCIENT CHINA
FAMOUS NAMES
BOOKS OF THE BIBLE
DANCES
"WITH"
WOLVES
    $100 1
Beijing (Peking)

Josh
    $100 3
Tom Cruise

Kirk
    $100 23
Genesis

Josh
    $100 16
a Maypole

Josh
    $100 21
with-it

Kirk
    $100 11
mate

Josh
    $200 2
paper

Kirk
    $200 4
Pete Rose

Josh
    $200 30
Psalms

Josh
    $200 17
8

Josh
    $200 22
with love

Todd
    $200 12
a spider

Josh
    $300 5
Confucius

Josh
    $300 8
Richard Nixon

Josh
    $300 29
the Apocalypse

Todd
    $1,600 18
Frederic Chopin

Josh
    $300 24
with brotherhood

Kirk
    $300 13
timber

Josh
    $400 6
silk

Josh
    $400 9
Mitterand

Todd
    $400 28
1 Kings

Todd
    $400 19
(Josh: What is Switzerland?)

Austria

JoshKirk
    $400 25
withdrawn

Josh
    $400 14
Remus & Romulus

Josh
    $500 7
Lao Tzu

Josh
    $500 10
(Kirk: Who is Jack Kerouac?)

Allen Ginsberg

JoshKirk
    $500 27
Judges

Todd
    $500 20
the Maoris

Kirk
    $500 26
withhold

Todd
    $500 15
Two Socks

Triple Stumper

Scores at the first commercial break (after clue 14):

Josh Kirk Todd
$3,300 -$200 $400

Scores at the end of the Jeopardy! Round:

Josh Kirk Todd
$5,500 $1,100 $2,300

Double Jeopardy! Round responses

FREUD
QUOTES
MUSEUMS
ASTRONOMY
WEIGHTS & MEASURES
HISTORICAL OPERAS
    $200 7
Vienna

Josh
    $200 17
Rachel Carson

Josh
    $200 6
Phoenix

Kirk
    $200 14
Newton

Kirk
    $200 28
(Kirk: What is an L?)
(Alex: No.)
(Kirk: With a line through it?)

lb.

KirkTodd
    $200 1
Sappho

Kirk
    $400 9
Da Vinci

Kirk
    $400 21
Abraham Lincoln

Josh
    $400 8
Amsterdam

Kirk
    $400 15
the vernal equinox (or the autumnal equinox)

Josh
    $400 27
a furlong

Todd
    $400 2
Bolivar

Kirk
    $600 10
(Kirk: What are cravings?)

libido

Kirk
Triple Stumper
    $600 22
Mary Baker Eddy

Todd
    $600 18
musée

Todd
    $600 16
magnitude

Kirk
    $600 26
a bushel

Kirk
    $1,500 3
(Queen) Elizabeth I

Kirk
    $800 11
Great Britain (England)

Todd
    $800 24
New Hampshire

Todd
    $800 20
the Metropolitan Museum of Art

Josh
    $3,000 12
the solar wind

Todd
    $800 25
12,000

Todd
    $800 4
Russia

Kirk
    $1000 29
(Todd: What is psychoanalysis?)

free association

Todd
Triple Stumper
    $1000 30
(Josh: What is experiment?)

melting pot

JoshTodd
    $1000 19
Washington, D.C.

Todd
    $1000 13
Kohoutek

Josh
    $1000 23
troy ounce

Kirk
    $1000 5
Cromwell

Josh

Scores at the end of the Double Jeopardy! Round:

Josh Kirk Todd
$8,500 $6,600 $10,500

[wagering suggestions for these scores]

Final Jeopardy! Round responses

THE CENSUS
KirkWhat is Texas?
$0
JoshWhat is Texas Texas
$8,500
ToddWhat is Calif Texas
$7,500
New Mexico

Final scores:

Josh Kirk Todd
$0 $6,600 $3,000
3rd place: Sebastian Show-Off makeup collection + Nintendo Entertainment System with Wheel of Fortune & Jeopardy! games + InfoGenius for the Nintendo Game Boy New champion: $6,600 2nd place: FlexSteel Industries sofa + S&S Mills carpeting

Game dynamics:

Coryat scores:

Josh Kirk Todd
$7,200 $5,700 $8,300
24 R
(including 1 DD),
2 W
17 R
(including 1 DD),
3 W
16 R
(including 1 DD),
1 W

Combined Coryat: $21,200

[game clues] [game scores] [suggest correction]

Game tape date: 1991-09-12
The J! Archive is created by fans, for fans. Scraping, republication, monetization, and malicious use prohibited; this site may use cookies and collect identifying information. See terms. The Jeopardy! game show and all elements thereof, including but not limited to copyright and trademark thereto, are the property of Jeopardy Productions, Inc. and are protected under law. This website is not affiliated with, sponsored by, or operated by Jeopardy Productions, Inc. Join the discussion at JBoard.tv.